00713nam a2200241 a 4500001001300000003000900013005001700022008004100039020002300080082001500103100002300118245003900141260003000180300000900210500003500219505003100254650001500285700002300300902000800323942000700331952011600338999001700454nice12345678IN_TiNIC20260116014628.0070321s2006 lona grp 000 0 eng  a0749448512 c99500a658.3bARM aArmstrong, Michael aHuman Resource Management Practice aLondonbKogan Page c2006 a982p aincludes index and biblioraphy2 aAppendix, References Index aManagement1 aArmstrong, Michael bSRS cBK 001040708StackRoom-aHMIbHMId2007-03-21g995.00l0o658.3 ARMp021900r2007-03-21v995.00w2007-03-21yBK c16301d16301